000
002740000a22000970004500
100
1
_a
Foulkes B., Ricardo
245
1
0
_a
Jesús y el espíritu de la comunidad joanina
300
_a
Vol. 13, Num. 2 (Noviembre, 1993), Páginas 54-56
773
0
_t
Vida y pensamiento
942
_c
ANA
999
_c
53031
_d
53031